书目信息 |
| 题名: |
例解回归分析
|
|
| 作者: | 查特基 , 哈迪 著 ;郑忠国 , 许静 译 | |
| 分册: | ||
| 出版信息: | 北京 机械工业出版社 2013.08 |
|
| 页数: | 10, 296页 | |
| 开本: | 24cm | |
| 丛书名: | ||
| 单 册: | ||
| 中图分类: | O212.1 | |
| 科图分类: | ||
| 主题词: | 回归分析--hui gui fen xi | |
| 电子资源: | ||
| ISBN: | 978-7-111-43156-5 | |
| 000 | 01185nam0 2200301 450 | |
| 001 | 0106081728 | |
| 005 | 20201106082041.0 | |
| 010 | @a978-7-111-43156-5@dCNY69.00 | |
| 100 | @a20140429e20202013em y0chiy50 ea | |
| 101 | 1 | @achi@ceng |
| 102 | @aCN@b110000 | |
| 105 | @ay z 001yy | |
| 106 | @ar | |
| 200 | 1 | @a例解回归分析@Ali jie hui gui fen xi@dRegression analysis by example@f(美)Samprit Chatterjee, (美)Ali S. Hadi著@g郑忠国,许静译@zeng |
| 210 | @a北京@c机械工业出版社@d2013.08@h2020.01 | |
| 215 | @a10, 296页@d24cm | |
| 300 | @a统计学精品译丛 | |
| 305 | @a据原书第5版译出 约翰-威利父子公司授权出版 | |
| 330 | @a本书在探索性数据分析的思想和原则指导下组织材料,包括简单线性回归、多元线性回归、回归诊断、定性预测变量、变量变换、共线性数据分析和逻辑斯谛回归等13章内容。 | |
| 510 | 1 | @aRegression analysis by example@zeng |
| 606 | 0 | @a回归分析@Ahui gui fen xi |
| 690 | @aO212.1@v5 | |
| 701 | 0 | @c(美)@a查特基@Acha te ji@c(Chatterjee, Samprit)@4著 |
| 701 | 0 | @c(美)@a哈迪@Aha di@c(Hadi, Ali S.)@4著 |
| 702 | 0 | @a郑忠国@Azheng zhong guo@4译@f(1938~) |
| 702 | 0 | @a许静@Axu jing@4译@c(概率论) |
| 801 | 0 | @aCN@bBJSZM@c20201106 |
| 905 | @b1190032-5@dO212.1@e132@f4 | |
| 例解回归分析=Regression analysis by example/(美)Samprit Chatterjee, (美)Ali S. Hadi著/郑忠国,许静译.-北京:机械工业出版社,2013.08(2020.01) |
| 10, 296页;24cm |
| 统计学精品译丛 |
| ISBN 978-7-111-43156-5:CNY69.00 |
| 本书在探索性数据分析的思想和原则指导下组织材料,包括简单线性回归、多元线性回归、回归诊断、定性预测变量、变量变换、共线性数据分析和逻辑斯谛回归等13章内容。 |
| ● |
| 相关链接 |
|
|
|
|
正题名:例解回归分析
索取号:O212.1/132
 
预约/预借
| 序号 | 登录号 | 条形码 | 馆藏地/架位号 | 状态 | 备注 |
| 1 | 1190032 | 211900326 | 第二样本阅览室/ [索取号:O212.1/132] | 在馆 | |
| 2 | 1190033 | 211900335 | 第三借阅区/ [索取号:O212.1/132] | 在馆 | |
| 3 | 1190034 | 211900344 | 第三借阅区/ [索取号:O212.1/132] | 在馆 | |
| 4 | 1190035 | 211900353 | 第三借阅区/ [索取号:O212.1/132] | 在馆 |